О геометрических построениях с помощью алгебраических кривых

Bibliografiske detaljer
Hovedforfatter: Мордухай-Болтовской Д. Д. Дмитрий Дмитриевич
Summary:Оттиск из Протоколов Заседаний Общества Естествоиспытателей при Императорском Варшавском университете
Sprog:russisk
Udgivet: Варшава, Типография "Русского Общества", 1909
Fag:
Format: Bog
KOHA link:https://koha.lib.tpu.ru/cgi-bin/koha/opac-detail.pl?biblionumber=335875

MARC

LEADER 00000nam0a2200000 4500
001 335875
005 20231102004810.0
035 |a (RuTPU)RU\TPU\book\362287 
090 |a 335875 
100 |a 20171004d1909 km y0rusy50 ca 
101 0 |a rus 
102 |a RU 
105 |a y z 000zy 
200 1 |a О геометрических построениях с помощью алгебраических кривых  |f Д. Д. Мордухай-Болтовской 
210 |a Варшава  |c Типография "Русского Общества"  |d 1909 
215 |a 23 с. 
300 |a Оттиск из Протоколов Заседаний Общества Естествоиспытателей при Императорском Варшавском университете 
606 |a Геометрия  |2 stltpush  |3 (RuTPU)RU\TPU\subj\6171  |9 34123 
610 1 |a геометрические построения 
610 1 |a алгебраические кривые 
610 1 |a классификация построений 
675 |a 514  |v 4 
700 1 |a Мордухай-Болтовской  |b Д. Д.  |c русский математик  |c профессор Варшавского университета  |f 1876-1952  |g Дмитрий Дмитриевич  |2 stltpush  |3 (RuTPU)RU\TPU\pers\23042  |9 9898 
801 1 |a RU  |b 63413507  |c 20171004 
801 2 |a RU  |b 63413507  |c 20171004  |g RCR 
942 |c BK